000 00547 a2200169 4500
005 20260417094704.0
008 251110b |||||||| |||| 00| 0 eng d
020 _a9781472979834
080 _a78.036
_bSCO/I
100 _aScott, Jonathan
245 _aInto the groove
_b: the story of sound from tin foil to vinyl
260 _bBloomsbury
_aLondon
_c2024
300 _a320p.
653 _aSound recording - Audio technology - Music history
653 _aVinyl records - Recording industry - Sound reproduction - Music evolution
942 _cBK
999 _c114798
_d114797